000 00417nam a2200157Ia 4500
008 151213s9999 xx 000 0 und d
020 _a987654321
100 _aPhilip Larkin, Graham Handly
245 _aSelected Poems
_cPhilip Larkin, Graham Handly
260 _aLondon
_bRan Books
_c1991
300 _a7124 p.
650 _aEnglish
650 _aEnglish
700 _aPhilip Larkin, Graham Handly
999 _c3769
_d3769